000 005410000a22001810004500
003 MACL
005 20160210162731.0
008 160210b xxu||||| |||| 00| 0 eng d
040 _aMACL
_cMACL
041 _aHindi
082 _a100
100 _aआचार्य पं. श्रीराम शर्मा
_937056
245 _aवेदान्‍त-दशन
260 _bसंस्‍कृति संस्‍थान
_c1975
_aबरेली
350 _a6
650 _aPhilosophy
_937740
942 _cHIN
_k100
_2ddc
999 _c26997
_d26997